Boletín de la ANABAD /
Descripción Física:
48 volums : periodicitat irregular ; 24 cm
Materias:
Asociación Nacional de Bibliotecarios, Archiveros y Arqueólogos (Espanya)
; Biblioteconomia -- Espanya -- Revistes
; Arxivística -- Espanya -- Revistes
; Arqueologia -- Espanya -- Revistes I
; Revistes
Idioma:
Español
MARC
| LEADER | 00000nas a2200000 a 4500 | ||
|---|---|---|---|
| 001 | 27779, 27780 | ||
| 003 | Arxiu | ||
| 005 | 20260324181506.0 | ||
| 008 | 160829s1958 sp rxp spa c | ||
| 022 | |a 1136-2367 | ||
| 040 | |a AGDB | ||
| 245 | 0 | 0 | |a Boletín de la ANABAD / |c Asociación Nacional de Bibliotecarios, Archiveros, Arqueólogos |
| 246 | 3 | 3 | |a Boletín de la ANABA |
| 246 | 3 | 3 | |a Bolentín de la A.N.A.B.A. |
| 246 | 3 | 3 | |a Boletín de la Asociación Española de Archiveros, Bibliotecarios, Museólogos y Documentalistas |
| 246 | 3 | 3 | |a Boletín de la Asociación Nacional de Archiveros, Bibliotecarios, Arqueólogos y Documentalistas. |
| 260 | |a Madrid : |b ANABA, |c 1958- | ||
| 300 | |a 48 volums : |b periodicitat irregular ; |c 24 cm | ||
| 310 | |a Irregular | ||
| 362 | |a No. 14 (enero/feb. 1958)-año 27, no. 4 (oct./dic. 1977) | ||
| 500 | |a Variant del títol: Boletín de la Asociación Española de Archiveros, Bibliotecarios, Museólogos y Documentalistas, Boletín de la Asociación Nacional de Archiveros, Bibliotecarios, Arqueólogos y Documentalistas. | ||
| 500 | |a El nom de l'entitat varia: Asociación Española de Archiveros, Bibliotecarios, Museólogos y Documentalistas; a partir del vol. 53, no. 2, 2003: Confederación de Asociaciones de Archiveros, Bibliotecarios, Museólogos y Documentalistas. | ||
| 504 | |a Referències bibliogràfiques. | ||
| 590 | |a Bimestral amb irregularitats, 1958-1963 ; 2 núms. l'any amb irregularitats, 1964-1970 ; trimestral, 1971-1977. | ||
| 590 | |a Descripció basada en: No. 52 (agosto 1966/jun. 1967). | ||
| 590 | |a Variant del títol: Boletín de la A.N.A.B.A. | ||
| 590 | |a Continuació de: Boletín de la Asociación Nacional de Bibliotecarios, Archiveros y Arqueólogos. | ||
| 590 | |a Continuada per: Boletín de la ANABAD | ||
| 610 | 2 | 0 | |a Asociación Nacional de Bibliotecarios, Archiveros y Arqueólogos (Espanya) |9 55075 |
| 650 | |a Biblioteconomia |x Espanya |x Revistes |9 22936 | ||
| 650 | |a Arxivística |x Espanya |x Revistes |9 22937 | ||
| 650 | |a Arqueologia |x Espanya |x Revistes I |9 22938 | ||
| 655 | 0 | |9 55823 |a Revistes | |
| 710 | 2 | |a Asociación Nacional de Bibliotecarios, Archiveros y Arqueólogos (Espanya) |9 55075 |e entitat editora | |
| 752 | |a Espanya |b Madrid (Província) |d Madrid | ||
| 866 | |a 1966-1967 (52) | ||
| 866 | |a 1969 (55) | ||
| 866 | |a 1970 (56) | ||
| 866 | |a 1971 (2-4) | ||
| 866 | |a 1972 (1-4) | ||
| 866 | |a 1973 (1-4), | ||
| 866 | |a 1974 (1-4) | ||
| 866 | |a 1975 (1-4) | ||
| 866 | |a 1976 (1-4) | ||
| 866 | |a 1977 (1-3) | ||
| 866 | |a 1978 (1-4) | ||
| 866 | |a 1979 (1-4) | ||
| 866 | |a 1980 (1, 3-4) | ||
| 866 | |a 1981 (1-4) | ||
| 866 | |a 1982 (1-3) | ||
| 866 | |a 1983 (1-4) | ||
| 866 | |a 1987 (1-4) | ||
| 866 | |a 1989 (1-4) | ||
| 901 | |a Arxiu | ||
| 942 | |n 1 |2 udc |c REV | ||
| 952 | |0 0 |1 0 |4 0 |6 REV2108 |7 1 |9 42384 |a Arxiu |b Arxiu |d 2016-12-01 |h Núm. 52 (agost/juny 1966-67)-Any 38, núm. 4 (octubre-desembre 1979) |o Rev-2108 |p 27779 |r 2016-12-01 00:00:00 |w 2016-12-01 |y ARXIU | ||
| 952 | |0 0 |1 0 |4 0 |6 REV2109 |7 1 |9 66211 |a Arxiu |b Arxiu |d 2023-05-02 |h Any 30, núm. 1 (gener-març 1980)-Any 39, núm. 3-4 (juliol-desembre 1989) |l 0 |o Rev-2109 |p 27780 |r 2023-05-02 00:00:00 |w 2023-05-02 |y ARXIU | ||
| 999 | |c 44867 |d 44867 | ||